00277nam a2200097Ia 4500008004100000041000800041100001900049245006800068260002400136999001900160230822s9999 xx 000 0 und d aeng aKIANG TAN BENG aBUILDING LIVES-A COMMUNITY PROJECT WITH GAWAD KALINGA IN MANILA bCASSELL AND COMPANY c861936d861936